| Поле | Инд. | ПП | Название | Значение |
|---|---|---|---|---|
| Тип записи | a | |||
| Библиографический уровень | m | |||
| 001 | Контрольный номер | RU/IS/BASE/412793992 | ||
| 005 | Дата корректировки | 20250515131431.4 | ||
| 008 | Кодируемые данные | 20130129 | ||
| 040 | b | Код языка каталог. | rus | |
| e | Правила каталог. | PSBO | ||
| 041 | 0_ | a | Код языка текста | rus |
| 084 | a | Индекс другой классификации/Индекс ББК | 22.37я73 | |
| 090 | a | Полочн. индекс | 22.37я73 | |
| x | Авторский знак | П 121 | ||
| 100 | 1_ | a | Автор | Павлов П. В. |
| q | Полное имя | Павлов Павел Васильевич | ||
| 100 | 1_ | a | Автор | Хохлов А. Ф. |
| q | Полное имя | Хохлов Александр Федорович | ||
| 245 | 10 | a | Заглавие | Физика твердого тела |
| b | Продолж. заглавия | учебное пособие для студентов | ||
| 260 | a | Место издания | Москва | |
| b | Издательство | Высшая школа | ||
| c | Дата издания | 1985 | ||
| 300 | a | Объем | 384 с. | |
| b | Иллюстрации/ тип воспроизводства | ил. | ||
| 336 | a | Термин вида содержания | Текст | |
| 337 | a | Термин типа средства | непосредственный | |
| 504 | a | Библиография | Рек. лит.: с. 376. - Прил.: с. 378. - Предм. указ.: с. 382 | |
| 521 | 0_ | a | Примеч. о целев. назн. | студенты |
| 650 | 14 | a | Основная рубрика | физика |
| a | Основная рубрика | физика твердого тела | ||
| 653 | 0_ | a | Ключевые слова | аморфные тела |
| a | Ключевые слова | антиферромагнетизм | ||
| a | Ключевые слова | Блоха функция | ||
| a | Ключевые слова | Бриллюэна зоны | ||
| a | Ключевые слова | Гука закон | ||
| a | Ключевые слова | дефекты в твердом теле | ||
| a | Ключевые слова | диамагнетизм | ||
| a | Ключевые слова | дислокации | ||
| a | Ключевые слова | диффузия | ||
| a | Ключевые слова | диэлектрики | ||
| a | Ключевые слова | Дорфмана опыт | ||
| a | Ключевые слова | ионные кристаллы | ||
| a | Ключевые слова | ковалентные кристаллы | ||
| a | Ключевые слова | кристаллические решетки | ||
| a | Ключевые слова | кристаллические структуры | ||
| a | Ключевые слова | кристаллы | ||
| a | Ключевые слова | магнетики | ||
| a | Ключевые слова | магнитные свойства | ||
| a | Ключевые слова | магнитный резонанс | ||
| a | Ключевые слова | межатомные взаимодействия | ||
| a | Ключевые слова | металлы | ||
| a | Ключевые слова | механические свойства | ||
| a | Ключевые слова | модель энергетических зон Кронига-Пенни | ||
| a | Ключевые слова | молекулярные кристаллы | ||
| a | Ключевые слова | оптические свойства | ||
| a | Ключевые слова | парамагнетизм | ||
| a | Ключевые слова | пластичность | ||
| a | Ключевые слова | полупроводники | ||
| a | Ключевые слова | поляризация | ||
| a | Ключевые слова | радиационные дефекты | ||
| a | Ключевые слова | сверхпроводимость | ||
| a | Ключевые слова | сегнетоэлектрики | ||
| a | Ключевые слова | симметрия кристаллов | ||
| a | Ключевые слова | спиновые волны | ||
| a | Ключевые слова | твердое тело | ||
| a | Ключевые слова | тепловое расширение | ||
| a | Ключевые слова | тепловые свойства | ||
| a | Ключевые слова | теплоемкость | ||
| a | Ключевые слова | теплопроводность | ||
| a | Ключевые слова | упругость | ||
| a | Ключевые слова | ферримагнетизм | ||
| a | Ключевые слова | ферромагнетизм | ||
| a | Ключевые слова | физические свойства | ||
| a | Ключевые слова | Холла эффект | ||
| a | Ключевые слова | хрупкое разрушение | ||
| a | Ключевые слова | Шредингера уравнение | ||
| a | Ключевые слова | электропроводность | ||
| a | Ключевые слова | энергия связи | ||
| a | Ключевые слова | эффективная масса электрона | ||
| 655 | a | Жанр/ форма (устаревшее) | учебное пособие | |
| 901 | t | Тип документа | m | |
| 952 | a | Тип литературы для КСУ ВШ | УИ |